00825nam a2200241 i 4500001000300000003000900003005001700012008003900029015001700068040003500085080001600120100001800136245005200154260007100206300003300277380001700310504002400327521001900351655004200370650001600412710005700428856009800485bgKOSZ 00520191016111604.0071022s1968 pl a f f 000 0 pol aPB 1968/7473 aWA NcKOSZ 005/RWdKOSZ 005/RW a621.74(075)1 aData, Leszek.10aTechnologia odlewnictwa.nCz. 1 /cLeszek Data. aWarszawa :bPaństwowe Wydawnictwo Szkolnictwa Zawodowego,c1968. a257, [2] s. :bil. ;c23 cm. aKsiążki. aBibliogr. s. [259].8 aDla kl. 1 zsz. 4aPodręczniki dla szkół zawodowych 4aOdlewnictwo2 aPaństwowe Wydawnictwo Szkolnictwa Zawodowego4pbl. uhttp://koha.tu.koszalin.pl/cgi-bin/koha/opac-detail.pl?biblionumber=11530yKatalog online BPK